000 00584nam a2200193Ia 4500
008 120913t2010 xxu||||| |||| 00| 0 sin d
041 _asin
080 _a8 - 31 (eng)
_bDOY
100 _aDoyle, Arthur Conan
245 _aඔබෙන් සමුගනිමි
246 _aOben Samuganimi - Sherlock Holmes
260 _aChandana Mendis
_aKotte
_c2010
300 _b286p, ill, 21 cm
500 _aSinhalese Translation Of Arthur Conan Doyle's of His Last Bow
700 _aMendis, Chandana
_etr.
942 _cBK
999 _c42071
_d42071
003 LK-CoDNM
040 _aLK-CoDNM
_dLK-CoDNM
_eLK-CoDNM